| 000 | 00821nam a22002057a 4500 | ||
|---|---|---|---|
| 003 | OSt | ||
| 005 | 20251121164158.0 | ||
| 008 | 251121b |||||||| |||| 00| 0 eng d | ||
| 020 | _a9781614295372 | ||
| 040 | _cDCL | ||
| 082 | _a294.34435 | ||
| 100 | 0 |
_aMahasi Sayadaw (Sobhana), _d1904-1982 |
|
| 245 |
_aMindfulness and insight : _bthe Mahasi method / _cVenerable Mahasi Sayadaw ; translated and edited by the Vipassana Mettā Foundation Translation Committee ; foreword by Sharon Salzberg ; introduction by Steve Armstrong. |
||
| 260 |
_aSomerville : _bBuddhist Publication Society, _c2019. |
||
| 300 |
_ax, 276 pages : _b ill. ; _c22 cm. |
||
| 504 | _aIncludes bibliographical references and index | ||
| 650 | _aVipaśyanā (Buddhism) | ||
| 650 |
_aMeditation _xBuddhism |
||
| 942 |
_2ddc _cSHORT TERM _n0 |
||
| 999 |
_c2591 _d2591 |
||